Aventuras na floresta (Registo nº 4592)

Detalhes MARC
000 -Etiqueta do registo
Cabeçalho 00799nam0a2200253 4500
005 - Identificador da versão
Campo de controlo 20240813122106.0
100 ## - Dados gerais de processamento
Dados gerais de processamento 20170303d1984 cd y0pory5003 ba
102 ## - Pais de publicação ou produção
País de publicação Portugal
101 1# - Língua de publicação
Língua do texto, banda sonora, etc. Português
Língua do documento no original Italiano
215 ## - Descrição física 
Indicação específica da natureza do documento e extensão da espécie 61 p.
Outras indicações físicas il. color
200 1# - Titulo e menção de responsabilidade
Título próprio Aventuras na floresta
Primeira menção de responsabilidade textos da tia Marilli e G. Fucchi
Outras menções de responsabilidade il. de Matal
-- trad. de M. Alice Moura Bessa
225 1# - Colecção 
Título próprio da colecção Giroflé
210 ## - Publicação, Distribuição, etc. 
Lugar da edição, distribuição, etc. [S. l.]
Nome do editor, distribuidor, etc. Civilização
Data da publicação, distribuição, etc. [1984?]
Data da impressão imp. 1984
606 ## - Nome comum usado como assunto
Número de registo de entrada de autoridade 0001426
Palavra de ordem Literatura italiana
Subdivisão de assunto Conto
Código do sistema CA
675 ## - Classificação Decimal Universal (CDU)
Notação 821.131.1-34
Edição 3ª ed.
Língua da edição por
702 #1 - Nome de autor-pessoa física (responsabilidade secundária)
Número de registo de entrada de autoridade 0000540
Palavra de ordem Bessa
Outra parte do nome não tomada para palavra de ordem Maria Alice Moura
Código de função Tradutor
Número de registo de entrada de autoridade 0001727
Palavra de ordem Matal
Código de função Ilustrador / Técnico de desenho computorizado
701 #1 - Nome de autor-pessoa física (co-responsabilidade principal)
Palavra de ordem Fucchi
Outra parte do nome não tomada para palavra de ordem G.
Elementos de identificação ou distinção e outro
Código de função Autor / Co-autor
700 #0 - Nome de autor-pessoa física (responsabilidade principal)
Número de registo de entrada de autoridade 0001728
Palavra de ordem Marilli
Elementos de identificação ou distinção e outro
966 ## - Identificação da Biblioteca
Sigla EBVEN
942 ## - Elementos de entrada adicionados (Koha)
Tipo de item no Koha Livro
Exemplares
Situação do levantamento Origin of item (home branch) (coded) Biblioteca de empréstimo Código de barras Cota Circulation type (not for loan) Tipo de documento Nota do exemplar Damaged status
  Biblioteca Escolar das Vendas Biblioteca Escolar das Vendas BEV124 8EST GIR   Livro Sem mensagem